Schema legis peculiaris de curia romana: sul secreto

Guardat en:
Dades bibliogràfiques
Autor principal: Sánchez, J (Autor)
Format: Llibre
Idioma:espanyol
italià
Publicat: Ciudad del Vaticano Typis Poliglottis vaticanis 1985
Matèries:
Etiquetes: Afegir etiqueta
Sense etiquetes, Sigues el primer a etiquetar aquest registre!

MARC

LEADER 00000nam a2200000 a 4500
001 UCL2963
003 CL-VaPUC
008 031107e19850000vc |||||||||||||||||spa|d
041 0 7 |a spa  |2 CL-VaPUC 
041 0 7 |a ita  |2 CL-VaPUC 
082 0 4 |a 262.9  |b SAN  |2 21 
100 0 |a Sánchez, J  |e author  |9 480184 
245 1 0 |a Schema legis peculiaris de curia romana: sul secreto 
300 |a pág. irreg 
942 |c BK 
945 |d 20031107 00:00:00  |a cmena 
260 |a Ciudad del Vaticano  |b Typis Poliglottis vaticanis  |c 1985 
650 7 |a DERECHO CANONICO  |2 CL-VaPUC  |9 480185 
650 0 |a Documentos pontificios   |9 255642 
650 7 |a LIBERTAD RELIGIOSA  |2 CL-VaPUC  |9 480186 
650 0 |a Educación religiosa   |9 308312 
583 |a last modification  |c 20171219 02:19:38  |k Rodrigo Vera 
999 |c 306122  |d 306120 
952 |0 0  |1 0  |4 0  |6 262_900000000000000_SAN_1985  |7 0  |8 A  |9 370876  |a BIBDER  |b BIBDER  |d 2019-11-21  |i 3939251  |o 262.9 SAN 1985  |p 3939251  |r 2023-01-25  |w 2019-11-21  |y BK  |k DER